Learn C Programming (Record no. 10607)

MARC details
000 -LEADER
fixed length control field 00378nam a22001697a 4500
003 - CONTROL NUMBER IDENTIFIER
control field OSt
008 - FIXED-LENGTH DATA ELEMENTS--GENERAL INFORMATION
fixed length control field 210330b ||||| |||| 00| 0 eng d
020 ## - INTERNATIONAL STANDARD BOOK NUMBER
International Standard Book Number 9781789349917
082 ## - DEWEY DECIMAL CLASSIFICATION NUMBER
Classification number 005.133 SZL
100 ## - MAIN ENTRY--PERSONAL NAME
Personal name SZUHAY,Jeff
245 ## - TITLE STATEMENT
Title Learn C Programming
250 ## - EDITION STATEMENT
Edition statement 1st
260 ## - PUBLICATION, DISTRIBUTION, ETC. (IMPRINT)
Place of publication, distribution, etc UK
Name of publisher, distributor, etc Packt Publishing Ltd
Date of publication, distribution, etc 2020
300 ## - PHYSICAL DESCRIPTION
Extent 627
650 ## - SUBJECT ADDED ENTRY--TOPICAL TERM
Topical term or geographic name as entry element BCA
942 ## - ADDED ENTRY ELEMENTS (KOHA)
Source of classification or shelving scheme Dewey Decimal Classification
Koha item type Text Books

No items available.

Design & Developed by: PIET Central Library
R70 Miles Stone Pattikalyana Samalkha Panipat 132102
mail ID :- [email protected], Phone No:- 0180-2569700 Ex.216